00597nam a2200217Ia 4500003000900000008004100009020001800050040001600068080002500084100001300109245006900122260003400191300001500225490003600240650001400276650001500290650001900305650001900324650001900343700001700362IN-BaIIA211028s9999 xx 000 0 eng d a3-540-43102-0 cIIA Library a524.3-52(082.2)bPAL aPalla, F 0aPhysics of star formation in galaxiescF. Palla and H. Zinnecker aBerlinbSpringer-Verlagc2002 axii, 232p. aSaas - Fee advanced courses; 29 aPMS stars aProtostars aStar formation aYoung binaries aYoung clusters aZinnecker, H